000 00480nam a2200181Ia 4500
001 24562
005 20260414151051.0
008 260414t2009||||xx |||||||||||||| ||spa||
041 _aESP
082 _a345.721
_bB141 V. 9
100 _aCastillo Freyre, Mario
_eAUT
245 0 _aDerecho internacional económico y de las inversiones internacionales
_b
260 _c2009
300 _a341 páginas :
_c24 cm.
650 _aDER
654 _aCDE
942 _cLIB
_dJUS
_fJUS
_2ddc
_n
999 _c24562
_d24562